Perfiles verticales de temperatura en una atmosfera semigris con una capa de nubes (Registro nro. 192549)
[ vista simple ]
| 001 - NÚMERO DE CONTROL | |
|---|---|
| campo de control | 657374 |
| 005 - FECHA Y HORA DE LA ÚLTIMA TRANSACCIÓN | |
| campo de control | 20240201162906.0 |
| 008 - DATOS DE LONGITUD FIJA--INFORMACIÓN GENERAL | |
| campo de control de longitud fija | 010406s2000 spa |
| 035 ## - NÚMERO DE CONTROL DEL SISTEMA | |
| Número de control de sistema | 657374 |
| 035 ## - NÚMERO DE CONTROL DEL SISTEMA | |
| Número de control de sistema | (OCoLC)819904631 |
| 040 ## - FUENTE DE LA CATALOGACIÓN | |
| Centro/agencia transcriptor | comduadb |
| 041 ## - CÓDIGO DE LENGUA | |
| Código de lengua del texto/banda sonora o título independiente | spa |
| 100 10 - ENTRADA PRINCIPAL--NOMBRE DE PERSONA | |
| Nombre de persona | Anduckia Avila, Juan Carlos |
| Código de función | aut |
| Término indicativo de función/relación | Autor/a |
| 9 (RLIN) | 340528 |
| 245 10 - MENCIÓN DE TÍTULO | |
| Título | Perfiles verticales de temperatura en una atmosfera semigris con una capa de nubes |
| 650 ## - PUNTO DE ACCESO ADICIONAL DE MATERIA--TÉRMINO DE MATERIA | |
| Término de materia o nombre geográfico como elemento de entrada | Temperatura |
| 9 (RLIN) | 55131 |
| 650 ## - PUNTO DE ACCESO ADICIONAL DE MATERIA--TÉRMINO DE MATERIA | |
| Término de materia o nombre geográfico como elemento de entrada | Atmósfera |
| 9 (RLIN) | 1391 |
| 650 ## - PUNTO DE ACCESO ADICIONAL DE MATERIA--TÉRMINO DE MATERIA | |
| Término de materia o nombre geográfico como elemento de entrada | Nubes |
| 9 (RLIN) | 29408 |
| 650 #7 - PUNTO DE ACCESO ADICIONAL DE MATERIA--TÉRMINO DE MATERIA | |
| Término de materia o nombre geográfico como elemento de entrada | Radiación |
| Fuente del encabezamiento o término | lemb |
| 9 (RLIN) | 854 |
| 700 10 - ENTRADA AGREGADA--NOMBRE PERSONAL | |
| Nombre de persona | Pelkowski, Joaquin |
| Código de función | aut |
| Término indicativo de función/relación | Autor/a |
| 9 (RLIN) | 517776 |
| 773 0# - ENLACE AL DOCUMENTO FUENTE/ENTRADA DE REGISTRO ANFITRIÓN | |
| Título | Revista de la Academia Colombiana de Ciencias Exactas, Físicas y Naturales (Bogotá) |
| Parte(s) relacionada(s) | Volumen 24, Número 093, Diciembre 2000, p 505-520 |
| Número de control del registro | 100681 |
| Número Internacional Normalizado para Publicaciones Seriadas | 0370-3908 |
| Número bibliográfico anfitrión | 93888 |
| 942 ## - ELEMENTOS DE ENTRADA AGREGADA (KOHA) | |
| Tipo de ítem Koha | Artículo de Revista |
No hay ítems disponibles.